| 000 | 00470crm a2200193 i 4500 | ||
|---|---|---|---|
| 005 | 20250624091000.0 | ||
| 008 | 250624b |||||||| |||| 00| 0 eng d | ||
| 040 | _erda | ||
| 092 | _bPuzzles | ||
| 245 | _aFairy tale castle | ||
| 264 |
_aWinton, CT : _bMelissa & Doug, _c2000 |
||
| 300 |
_a48 pieces _b2 x 3 feet |
||
| 520 | _aKids floor puzzle | ||
| 521 | _aKids | ||
| 942 |
_2ddc _cPUZZLES |
||
| 999 |
_c409342 _d409342 |
||